Sociología jurídica
Furkejuvvon:
| Váldodahkki: | |
|---|---|
| Materiálatiipa: | Girji |
| Giella: | espánnjágiella |
| Almmustuhtton: |
Madrid, España
Tecnos
1982
|
| Preanttus: | 2a. ed |
| Ráidu: | Semilla y Surco. Colección de Ciencias Sociales, Serie Sociología
|
| Fáttát: | |
| Fáddágilkorat: |
Lasit fáddágilkoriid
Eai fáddágilkorat, Lasit vuosttaš fáddágilkora!
|
MARC
| LEADER | 00000nam a2200000 a 4500 | ||
|---|---|---|---|
| 001 | UCV0061 | ||
| 003 | CL-VaPUC | ||
| 005 | 20211221074229.0 | ||
| 008 | 871113e19820000SP |||||||||||||||||spa|d | ||
| 999 | |c 208828 |d 208826 | ||
| 020 | |a 8430907459 | ||
| 040 | |c Pontificia Universidad Católica de Valparaíso | ||
| 082 | 0 | 4 | |a 340.115 CAR 1982 |2 21 |
| 100 | 0 | |a Carbonnier, Jean |e author |9 294793 | |
| 245 | 1 | 0 | |a Sociología jurídica |
| 250 | |a 2a. ed | ||
| 260 | |a Madrid, España |b Tecnos |c 1982 | ||
| 300 | |a 253 páginas | ||
| 490 | 0 | |a Semilla y Surco. Colección de Ciencias Sociales, Serie Sociología | |
| 583 | |a last modification |c 20190731 02:02:19 |k Rodrigo Vera | ||
| 650 | 0 | |a Sociología del derecho |9 254890 | |
| 852 | |a BIBDER | ||
| 942 | |c BK |2 ddc | ||
| 945 | |d 19871113 00:00:00 | ||
| 952 | |0 0 |1 0 |4 0 |6 340_115000000000000_CAR_1982 |7 0 |8 DER_TF |9 183763 |a BIBDER |b BIBDER |d 2019-11-14 |i 250085K |l 3 |o 340.115 CAR 1982 |p 250085K |r 2023-10-11 |s 2023-10-03 |w 2019-11-14 |x Ubicación 4to Piso |y BK |z Estos recursos deben solicitarse con anticipación |k DER | ||